000 00833nam a2200181Ia 4500
008 090124s9999 xx 000 0 und d
082 _b14163
_a3344
100 _aप्रफुल्लदत्त ( तेंडुलकर दत्तात्रय विष्णू )
245 _a दुर्गावाडींतील दैवते
250 _a1
260 _c1964
300 _a121
600 _aप्रफुल्लदत्त ( तेंडुलकर दत्तात्रय विष्णू )
630 _a दुर्गावाडींतील दैवते
700 _aप्रफुल्लदत्त ( तेंडुलकर दत्तात्रय विष्णू )
730 _a दुर्गावाडींतील दैवते
942 _cBOOK
999 _c128103
_d128103